000 00894cam a22002651 4500
001 he 67001593
003 DLC
005 20260227111449.0
008 840307s1966 is a 000 0 heb
010 _ahe 67001593
035 _a(OCoLC)19160946
040 _aDLC
_cMH
_dCU
_dCLU
_dDLC
042 _apremarc
050 0 0 _aPJ5054.G35
_bF7
100 1 _aGamzu, Yosi.
245 1 0 _aZehirut-shavir =
_bFragile, handle with care : masaʻot ṿe-siyur bi-medinat Yiśraʼel... /
_cYosi Gamzu, Yaʻaḳov Shiloh.
260 _a[Tel Aviv] :
_bB. Tsʼeriḳover,
_c[1966?]
300 _a[80] p. :
_bill. (part col.) ;
_c29 cm.
500 _aOn cover: From Israel with a laugh; cartoons, satirical verse.
500 _aSome verses also in English.
700 1 _aShiloh, Jacob,
_d1937-
740 0 _aFragile, handle with care.
740 0 _aFrom Israel with a laugh.
752 _aIsrael
_dTel Aviv
999 _c32564
_d32564